000
00319nam a2200121Ia 4500
008
220204s9999 xx 000 0 und d
082
_a
33:31(540)
_b
STA
100
_a
Aiyar, Saritha
245
0
_a
Statistical outline of India 1999-2000
260
_a
Mumbai
_b
Tata Service
_c
1999
700
_a
Bhandare, S S
942
_c
BK
999
_c
41778
_d
41778